Marketing for hospitality and tourism / (Record no. 590477)
[ view plain ]
| 000 -LEADER | |
|---|---|
| fixed length control field | 01088cam a22003378i 4500 |
| 001 - CONTROL NUMBER | |
| control field | 20905551 |
| 005 - DATE AND TIME OF LATEST TRANSACTION | |
| control field | 20220721125101.0 |
| 008 - FIXED-LENGTH DATA ELEMENTS--GENERAL INFORMATION | |
| fixed length control field | 190326s2019 mau b 001 0 eng |
| 010 ## - LIBRARY OF CONGRESS CONTROL NUMBER | |
| LC control number | 2019014463 |
| 020 ## - INTERNATIONAL STANDARD BOOK NUMBER | |
| International Standard Book Number | 9780135209844 |
| 020 ## - INTERNATIONAL STANDARD BOOK NUMBER | |
| International Standard Book Number | 0135209846 |
| 040 ## - CATALOGING SOURCE | |
| Original cataloging agency | DLC |
| Language of cataloging | eng |
| Description conventions | rda |
| Transcribing agency | DLC |
| 042 ## - AUTHENTICATION CODE | |
| Authentication code | pcc |
| 050 00 - LIBRARY OF CONGRESS CALL NUMBER | |
| Classification number | TX911.3.M3 |
| Item number | K68 2019 |
| 082 00 - DEWEY DECIMAL CLASSIFICATION NUMBER | |
| Classification number | 338.4791068 |
| Author Mark | KOT |
| 100 1# - MAIN ENTRY--PERSONAL NAME | |
| Personal name | Kotler, Philip, |
| Relator term | author. |
| 245 10 - TITLE STATEMENT | |
| Title | Marketing for hospitality and tourism / |
| Statement of responsibility, etc. | Philip Kotler, John T. Bowen, James C. Makens, Seyhmus Baloglu. |
| 250 ## - EDITION STATEMENT | |
| Edition statement | Eighth edition. |
| 263 ## - PROJECTED PUBLICATION DATE | |
| Projected publication date | 1905 |
| 264 #1 - PRODUCTION, PUBLICATION, DISTRIBUTION, MANUFACTURE, AND COPYRIGHT NOTICE | |
| Place of production, publication, distribution, manufacture | Harlow : |
| Name of producer, publisher, distributor, manufacturer | Pearson, |
| Date of production, publication, distribution, manufacture, or copyright notice | 2022. |
| 300 ## - PHYSICAL DESCRIPTION | |
| Extent | 686 p. ; |
| Dimensions | 28 cm. |
| 336 ## - CONTENT TYPE | |
| Content type term | text |
| Content type code | txt |
| Source | rdacontent |
| 337 ## - MEDIA TYPE | |
| Media type term | unmediated |
| Media type code | n |
| Source | rdamedia |
| 338 ## - CARRIER TYPE | |
| Carrier type term | volume |
| Carrier type code | nc |
| Source | rdacarrier |
| 504 ## - BIBLIOGRAPHY, ETC. NOTE | |
| Bibliography, etc. note | Includes bibliographical references and index. |
| 650 #0 - SUBJECT ADDED ENTRY--TOPICAL TERM | |
| Topical term or geographic name entry element | Hospitality industry |
| General subdivision | Marketing. |
| 9 (RLIN) | 94374 |
| 650 #0 - SUBJECT ADDED ENTRY--TOPICAL TERM | |
| Topical term or geographic name entry element | Tourism |
| General subdivision | Marketing. |
| 9 (RLIN) | 94264 |
| 906 ## - LOCAL DATA ELEMENT F, LDF (RLIN) | |
| a | 7 |
| b | cbc |
| c | orignew |
| d | 1 |
| e | ecip |
| f | 20 |
| g | y-gencatlg |
| 942 ## - ADDED ENTRY ELEMENTS (KOHA) | |
| Source of classification or shelving scheme | |
| Koha item type | Book |
| Withdrawn status | Lost status | Source of classification or shelving scheme | Damaged status | Not for loan | Permanent Location | Current Location | Date acquired | Source of acquisition | Total Checkouts | Full call number | Barcode | Date last seen | Date last checked out | Price effective from | Koha item type |
|---|---|---|---|---|---|---|---|---|---|---|---|---|---|---|---|
| Central Library (CL) | Central Library (CL) | 07/21/2022 | Allied Books | 1 | 338.4791068 KOT | CL-1133 | 10/02/2022 | 09/21/2022 | 07/21/2022 | Book |
